online kereskedelem trendjei és a Polar Vision Kft. működése

Bibliográfiai részletek
Szerző: Daróczi Virág
További közreműködők: Békési Gábor György
Dokumentumtípus: Projektmunka
Kulcsszavak:elektronikus kereskedelem - online kereskedelem
elektronikus vásárlás - online vásárlás
honlap - weblap
SWOT-elemzés
weboldal
Online Access:http://dolgozattar.uni-bge.hu/59968

MARC

LEADER 00000nnm a2200000 i 4500
001 dolg59968
005 20260409145818.0
008 260409suuuu hu o 000 hun d
040 |a BGE Dolgozattár Repozitórium  |b hun 
041 |a hu 
100 1 |a Daróczi Virág 
245 1 0 |a online kereskedelem trendjei és a Polar Vision Kft. működése  |c Daróczi Virág  |h [elektronikus dokumentum] 
516 |a Project_work 
520 3 |a Be szeretném mutatni az online kereskedelem előnyeit és hátrányait, hogy miért döntenek az emberek az online vásárlás mellett vagy ellen. Szeretnék írni az online vásárlás nehézségeiről és hogy hogyan és milyen módszerekkel lehet kiküszöbölni ezeket. Minden évben újabb és újabb trendek jelennek meg az online világban amit mindenki követ hiszen senki sem akar lemaradni. Amikre kitérek a közösségi média, influenszerek, mobil kereskedelem és a fenntarthatóság szerepe az online térben. Szót ejtek még a Tiktok-ról mint közösségi média platformra és az influenszer marketingre is. Továbbá az Polar Vision Kft. webshopját fogom bemutatni, hogy mitől működik jól egy webshop és hogyan lehet sikeres és hosszútávon fenntartható. Kutatási kérdésem igaz e, hogy az idő szűke miatt vásárolnak az emberek online. Kérdésem célja, hogy megtudjam mi az oka az online kereskedelem és webshopok népszerűségének és hogy az emberek miért állnak át az online vásárlásra és hogy miért alakulhatott ez így. 
695 |a elektronikus kereskedelem - online kereskedelem 
695 |a elektronikus vásárlás - online vásárlás 
695 |a honlap - weblap 
695 |a SWOT-elemzés 
695 |a weboldal 
700 1 |a Békési Gábor György  |e ths 
856 4 0 |u http://dolgozattar.uni-bge.hu/59968/1/Dar%C3%B3cziVir%C3%A1g%20online%20kereskedelem%20trendjei%20%C3%A9s%20a%20Polar%20Vision%20Kft.%20m%C5%B1k%C3%B6d%C3%A9se.pdf  |z Dokumentum-elérés 
856 4 0 |u http://dolgozattar.uni-bge.hu/59968/2/Biralat_Dar%C3%B3czi%20Vir%C3%A1g.pdf  |z Dokumentum-elérés